The voice of Twilight Russia
সংরক্ষণ করুন:
| প্রধান লেখক: | |
|---|---|
| বিন্যাস: | গ্রন্থ |
| ভাষা: | Undetermined |
| প্রকাশিত: |
New York, Estados Unidos
Columbia University Press
1937
|
| বিষয়গুলি: | |
| ট্যাগগুলো: |
ট্যাগ যুক্ত করুন
কোনো ট্যাগ নেই, প্রথমজন হিসাবে ট্যাগ করুন!
|
MARC
| LEADER | 00000nam a2200000Ia 4500 | ||
|---|---|---|---|
| 008 | 170316s9999 xx 000 0 und d | ||
| 040 | |a cru BVZT | ||
| 090 | |a 891 Ch-1v | ||
| 100 | |a Chekhov, Anton | ||
| 245 | 4 | |a The voice of Twilight Russia | |
| 260 | |a New York, Estados Unidos | ||
| 260 | |b Columbia University Press | ||
| 260 | |c 1937 | ||
| 300 | |a 239 páginas | ||
| 650 | |a LITERATURA RUSA | ||
| 999 | |c 12015 |d 12015 | ||
| 942 | |c 15 D |h 891 Ch-1v |2 z | ||
